000
00202nam a22000857a 4500
008
231212b |||||||| |||| 00| 0 eng d
020
_a
9780143421078
100
_a
DAS
_9
7735
245
_a
India Grows at Night
999
_c
12513
_d
12513